000 00367cam a2200145ua 4500
041 _aeng
_h
082 _a539.7213
_bWOO/IN
100 _aWoods, L C .
245 _aIntroduction to neutron distribution theory /
_cL C Woods.
_hTextual Documents
260 _aLondon :
_bJohn Wiley & Sons.
300 _a132 ; .
504 _a
942 _cBK
999 _c10073
_d10073